00753 2200253 4500001002100000005001700021008004100038020001800079035002400097082001100121090001800132100002000150245005400170250001100224260003100235300002400266500009800290500002600388650003600414850001500450980001300465985000600478999001500484YOGYA-0209000001012820090227022019.0 ind  a979-526-230-0 0010-020900000010128 a297.37 a297.37bDar M aDARAJAT, Zakiah aMetodologi pengajaran agama IslamcZakiah darajat aCet. 1 aJakartabBumi Aksarac1996 axiv, 270 hlmc21 cm aDiterbitkan atas kerjasama dengan Direktorat Jendral kelembagaan Agama Islam Departemen Agama aBibliografi: hlm. 271 aAgama Islam - Metode pengajaran aYOPDYOG(B) a05-07-05 a1 a99P0001264